<?xml version="1.0" encoding="UTF-8"?>
<collection xmlns="http://www.loc.gov/MARC21/slim">
 <record>
  <leader>     na                 </leader>
  <controlfield tag="001">INLIS000000000001175</controlfield>
  <controlfield tag="005">20221102020050</controlfield>
  <datafield tag="035" ind1=" " ind2=" ">
   <subfield code="a">0010-0621000775</subfield>
  </datafield>
  <controlfield tag="008">221102                g          0 ind  </controlfield>
  <datafield tag="245" ind1="1" ind2=" ">
   <subfield code="a">Bangsaku :</subfield>
   <subfield code="b">Amandemen UUD 45, Curahan Hati Rakyat</subfield>
  </datafield>
  <datafield tag="100" ind1="1" ind2=" ">
   <subfield code="a">Mangoenpoerejo, Roch Basoeki</subfield>
  </datafield>
  <datafield tag="260" ind1=" " ind2=" ">
   <subfield code="a">Jakarta :</subfield>
   <subfield code="b">Pustaka Sinar Harapan,</subfield>
   <subfield code="c">1999</subfield>
  </datafield>
  <datafield tag="300" ind1=" " ind2=" ">
   <subfield code="a">124 hlm. ;</subfield>
   <subfield code="c">20,5 cm.</subfield>
  </datafield>
  <datafield tag="020" ind1=" " ind2=" ">
   <subfield code="a">979-416-624-3</subfield>
  </datafield>
  <datafield tag="084" ind1=" " ind2=" ">
   <subfield code="a">342.00 MAN b</subfield>
  </datafield>
  <datafield tag="520" ind1=" " ind2=" ">
   <subfield code="a">BANGSAKU AMANDEMEN UUD 1945, CURAHAN HATI RAKYATSekedar curahan hati (curhat) dari seorang jelata tentang mekanisme kenegaraan yang diharapkannya. Mungkin ini bukan buku politik, apalagi ketata-negaraan. Kolektivisme dalam pluralitas masyarakat, merupakan masalah utama negeri ini membuat sulitnya `rasa keadilan` diterjemahkan di lapang &amp; n, sehingga akal sehatpun menjadi rusak. Semuanya cenderung terlihat rancu, tak jelas, apalagi mendapatkan kepastian. Termasuk sewaktu hendak memahami uuD 45 yang kita gunakah sebagai acuan dalam kebersamaan kehidupan berbangsa sekarang ini. UUD`45 adalah keterpaksaan alternatif, yang sebaiknya dipertahankan oleh sesama jelata sampai saat tertentu yang disepakati. Namun ternyata membuat kesepak atan itulah yang tersulit, apalagr oleh para elit politik.UUD 45 adalah rangkaian kesepak atansistematisi yang oleh Pendiri Negara disiapkan untuk mengantar bangsa Indonesia mencapai tujuan nasionalryd, dengan cepat dan selamat. Sistem itu sepenuhnya menganut trias politica, bahkan phls, disebut Penta Politica. Plusnya dua, semua unfuk mewujudkan (dassein) cita-cita yang telah dirintis para pendahulu bangsa sejak ratusan tahun, dengan cepat dan selamat. curhat dipersembahkan kepada seluruh warga bangsa yang sepenuh hati mencintai negeri ini sepe rti apa adanya. Marilah semuanya bersama-sama mengamandemen UUD`45 denganerpenting adalah, percaya diri dan tumbuh dari si Jelata yang berada di sekitar kemiskinan.Terselesaikannya buku ini tidak lepas dari bantuan orang lain dalam proses. Terima kasih tak lupa saya sampaikan kepada anak dan isteri tercinta yang telah memberikan kesempatan untuk merenung. Dan juga Rochmah, Tuty, Bambang, Libertus, dan masih banyak lagi. Last but not least, rekan-rekan pejuang di GP2N45, RSJ, GRN dan Barnas, termasuk Herlina si Pending Emas. Penulis Salah satu judul tulisan saya (Kompas, 15 September 1998), disunting di buku Reformasi Kehidupan Bernegara sebagian substansi isi tulisan di buku ini sudah dimuat juga di berbagai mass-media, secara terbatas dan terpisah-pisah selama tahun 1998-1999.pikiran jernih dari segala kekalutan berbagai teori di dunia. terpenting adalah percaya diri dan tumbuh dari si jelata yang berada di sekitar kemiskinan. dan semoga buku ini dapat bermanfaat bagi kita semua umumnya bagi pembaca. ( by FA )</subfield>
  </datafield>
  <datafield tag="082" ind1=" " ind2=" ">
   <subfield code="a">342.00</subfield>
  </datafield>
  <datafield tag="650" ind1=" " ind2="4">
   <subfield code="a">Amandemen Undang-undang</subfield>
  </datafield>
  <datafield tag="990" ind1=" " ind2=" ">
   <subfield code="a">002651</subfield>
  </datafield>
  <datafield tag="990" ind1=" " ind2=" ">
   <subfield code="a">078187</subfield>
  </datafield>
  <datafield tag="990" ind1=" " ind2=" ">
   <subfield code="a">002650</subfield>
  </datafield>
 </record>
</collection>
